les meilleurs diluants avec de l'alcool - Statistiques

Statistiques générales
  • Ce quiz a été pris 2 326 fois
  • Le résultat moyen est 3 sur 7
Statistiques - réponses
Hint Réponse % Correct
2 coca-cola
85%
1 red bull
85%
3 oasis
44%
7 jus de fruit
36%
6 orangina
32%
5 schweppes
30%
4 Perrier
13%
Aucun quiz correspondant
Distribution des résultats
% des personnes avec chaque résultat
Percentile par nombre de réponses
Votre historique - résultats
Vous n’avez pas pris ce quiz